000 01386cam a2200361 a 4500
001 EDZ0000072039
003 StDuBDS
005 20161031105143.0
006 m||||||||d||||||||
007 cr |||||||||||
008 120412s2005 cau fo| 001|0|eng d
020 _a9781452224756 (ebook) :
_cNo price
040 _aStDuBDS
_beng
_cStDuBDS
_epn
049 _aAlfaisal Main Library
050 0 _aHD62.6
_b.D96 2005
082 0 4 _a658.4092
_223
100 1 _aDym, Barry,
_d1942-
245 1 0 _aLeadership in nonprofit organizations
_h[electronic resource] /
_cBarry Dym, Harry Hutson.
260 _aThousand Oaks, Calif. ;
_aLondon :
_bSAGE,
_cc2005.
300 _a1 online resource (viii, 236 p.)
504 _aIncludes bibliographical references and index.
520 8 _aTaking an unusual approach to the study of leadership, the authors find examples to learn from among the many non-profit organisations currently extant.
521 _aSpecialized.
588 _aDescription based on print version record.
650 0 _aNonprofit organizations
_xManagement.
650 0 _aLeadership.
655 7 _aElectronic books.
_2local
700 1 _aHutson, Harry.
710 2 _aSage eBooks
776 0 8 _iPrint version :
_z9780761929246
856 4 0 _uhttp://ezproxy.alfaisal.edu/login?url=http://sk.sagepub.com/books/leadership-in-nonprofit-organizations
942 _2lcc
_cEBOOKS
999 _c480467
_d480467